00649nam a2200205Ia 450000500170000000800410001704000190005804100120007708200150008910000190010424500850012326000610020830000150026950400500028463000410033465000210037565100140039670000230041085000100043320230605105101.0131103s9999 xx 000 0 und d aLoreto College aEnglish a940.1bPAT aPainter,Sidney 4aThe rise of the feudal monarchiescSidney Painter;foreword by Edward Whiting Fox aNew YorkbCornell University Pressc1951 (1962 printing) aix,147 p.  aIncludes bibliographical references and index aEurope - Medieval History,800 - 1099 aMedieval History aFeudalism aFox,Edward Whiting aLCLIB